| 000 | 01043cam a2200229 4500 | ||
|---|---|---|---|
| 001 | WB3806-23 | ||
| 008 | 020214n2002 000 0 eng u | ||
| 035 | _a(Sirsi) u116730 | ||
| 245 | _aBoost to former mining areas | ||
| 260 | _c2002 | ||
| 490 |
_aDTI Press Release _v(094) 13 February 2002, (5) |
||
| 520 | _aThe Energy Minister is offering 14 of the 22 Petroleum and Development Licences in the 10th Onshore Licensing Round to companies concentrating on gas from coalmines. It is hoped the licences will bring jobs to former mining areas and contribute to the UK's energy supply and Kyoto targets. Maps showing the location of the new licences available at http://www.og.dti.org.uk. http://www.nds.coi.gov.uk/coi/coipress.nsf/567e3dc25f61661580256ae8003b4907/0a713f2e83ed1d6580256b5f005e89c4?OpenDocument | ||
| 590 | _aWB | ||
| 650 | _aONSHORE OIL | ||
| 650 | _aONSHORE GAS | ||
| 650 | _aCOAL MINING | ||
| 650 | _aLICENCES | ||
| 650 |
_aENERGY _96237 |
||
| 650 | _aMINES GAS | ||
| 690 | _aMINING AND MINERALS | ||
| 942 | _n0 | ||
| 999 |
_c69533 _d69533 |
||